000 00288nam a22001337a 4500
008 170831b xxu||||| |||| 00| 0 eng d
020 _a2900073385029
041 _aeng
080 _27TH
_a070
100 _a40
101 _aMED
245 _aCOMMUNICATION
_cGRIFFIN,E
942 _2udc
_cBK
999 _c25848
_d25848